| 000 | 00876 a2200445 4500 | ||
|---|---|---|---|
| 000 | BKB | ||
| 001 | 071004 | ||
| 005 | 20200902150918.0 | ||
| 008 | |||
| 010 | _a | ||
| 020 | _a | ||
| 082 |
_a515.076 _bB45P |
||
| 100 | 1 | _aBerman, G.N. | |
| 110 | _a | ||
| 245 | 1 |
_aA problem book in mathematical analysis _cby G.N. Berman |
|
| 250 | _a | ||
| 260 |
_aNoida _bG.K. Publishing _c |
||
| 300 | _a462p. | ||
| 490 |
_a _v |
||
| 500 | _a | ||
| 600 | _a | ||
| 610 | _a | ||
| 611 | _a | ||
| 630 | _a | ||
| 650 | _a | ||
| 651 | _a | ||
| 654 | _a | ||
| 690 | _aMathematical analysis; Calculus; Mathematics | ||
| 700 |
_a _b _c |
||
| 710 |
_a _b _c |
||
| 711 | _a | ||
| 720 | _a | ||
| 730 | _a | ||
| 740 | _a | ||
| 752 | _a | ||
| 856 |
_a _d _f |
||
| 904 | _a | ||
| 964 |
_a _b _c _d _e _f _g |
||
| 965 | _a | ||
| 999 |
_c4368 _d4368 |
||